| 000 | 01667nam a22004217a 4500 | ||
|---|---|---|---|
| 001 | 0065944 | ||
| 003 | KOHA_MİRAKIL | ||
| 005 | 20260207004623.0 | ||
| 007 | ta | ||
| 008 | 210225b2005 tu |||gr||||#0|||1|tur | | ||
| 040 |
_aTR-BiSEU _btur _cTR-BiSEU _erda |
||
| 041 | 0 | _atur | |
| 044 | _ctu | ||
| 050 |
_aPL115 _b.P56 2005 |
||
| 240 | 1 | 0 |
_a18. yüzyıl Osmanlı Türkçesi ses hadiseleri _lTürkçe |
| 245 | 0 |
_aPhonological features of the 18th century Ottoman Turkish = _b18. yüzyıl Osmanlı Türkçesi ses hadiseleri/ _chazırlayan Mehmet Gümüşkılıç ; yayınlayanlar Şinasi Tekin, Gönül Alpay Tekin. |
|
| 264 | 1 |
_aHarvard : _bThe Department of Near Eastern Languages and Literatures Harvard University = Harvard Üniversitesi Yakındoğu Dilleri ve Medeniyetleri |
|
| 264 | 1 |
_a#264 1 _a _c2005 |
|
| 300 |
_a6 cilt ; _c28 cm. |
||
| 336 |
_ametin _btxt _2rdacontent |
||
| 337 |
_aaracısız _bn _2rdamedia |
||
| 338 |
_acilt _bnc _2rdacarrier |
||
| 490 | 1 |
_aDoğu dilleri ve edebiyatlarının kaynakları ; _v66 |
|
| 500 | _aKaynakça var. | ||
| 650 | 0 |
_aSesbilgisi --Türkçe, Osmanlı--18. yy. _9124191 |
|
| 650 | 0 |
_aTürk dili--Tarih. _91900 |
|
| 650 | 0 |
_aTürk dili--Gramer. _913266 |
|
| 650 | 0 |
_aTurkish language--Phonology. _927513 |
|
| 650 | 0 |
_aTürk dili--Fonoloji. _927130 |
|
| 650 | 0 |
_aPhonetics. _9124192 |
|
| 650 | 0 |
_aSes bilgisi. _9124193 |
|
| 650 | 0 |
_aPhonetics--Turkish, Ottoman --18th century. _9124194 |
|
| 650 | 0 |
_aTurkish language--History. _91902 |
|
| 650 | 0 |
_aTurkish language--Grammar. _91903 |
|
| 830 | 1 |
_aDoğu dilleri ve edebiyatlarının kaynakları ; _v66 _985097 |
|
| 907 | _aDil ve Edebiyat | ||
| 942 |
_2lcc _cBK |
||
| 999 |
_c66327 _d66327 |
||